000 00590nam a22001817a 4500
003 CEME
005 20210628203103.0
008 210127b xxu||||| |||| 00| 0 eng d
020 _a0-470-84876-6
040 _c.
082 _a621.3845 LEB
100 _aBodic, Gwenael Le
_963243
245 _aMobile messaging technologies and services ; sms, ems and mms
260 _aNEW YORK
_bJOHN WILEY AND SONS
_c2003
300 _aXIX,369P
650 _aPERSONAL COMMUNICATION SERVICE SYSTEMS, RADIO PAGING, MULTIMEDIA SYSTEMS, CELLULAR TELEPHONE SYSTEMS.SMS, EMS.MMS
_963244
942 _cBK
_2ddc
999 _c572126
_d572126